000 00658nam a2200241Ia 4500
005 20260121112745.0
008 8556 260114s9999 xx 000 0 eng d
020 _a9789812796677
037 _aEBOOK
040 _aCRL
_beng
_cCRL
041 _aeng
_2eng
084 _qCRL
100 _aKhoury Sarkis Joseph Et Al
_9962735
245 0 _aWealth Forever: the Analytics of Stock Markets
260 _bWorld Scientific
260 _bWSPC
260 _c2003
650 _aEconomics & Finance
_9962736
856 _uhttps://www.worldscientific.com/worldscibooks/10.1142/5329#t=toc
942 _cEBOOK
999 _c1545856
_d1545856